Operating system concepts / (Record no. 523)
[ view plain ]
| 000 -LEADER | |
|---|---|
| fixed length control field | 00778cam a22002412 4500 |
| 001 - CONTROL NUMBER | |
| control field | 0000004287 |
| 005 - DATE AND TIME OF LATEST TRANSACTION | |
| control field | 20151021151103.0 |
| 008 - FIXED-LENGTH DATA ELEMENTS--GENERAL INFORMATION | |
| fixed length control field | 070522s xx 000 0 eng d |
| 020 ## - INTERNATIONAL STANDARD BOOK NUMBER | |
| International Standard Book Number | 9971513889 : |
| 040 ## - CATALOGING SOURCE | |
| Original cataloging agency | KABU |
| Transcribing agency | KABU |
| 050 #0 - LIBRARY OF CONGRESS CALL NUMBER | |
| Classification number | QA76.76 |
| Item number | .O63S55 2002 |
| 100 1# - MAIN ENTRY--PERSONAL NAME | |
| Personal name | Silberschatz, Abraham. |
| -- | 0000154772 |
| 245 10 - TITLE STATEMENT | |
| Title | Operating system concepts / |
| Statement of responsibility, etc. | Abraham Silberschatz, Peter Baer Galvin, Greg Gagne. |
| 250 ## - EDITION STATEMENT | |
| Edition statement | 6th ed. |
| 260 ## - PUBLICATION, DISTRIBUTION, ETC. (IMPRINT) | |
| Place of publication, distribution, etc. | New York : |
| Name of publisher, distributor, etc. | John Wiley, |
| Date of publication, distribution, etc. | c2003. |
| 300 ## - PHYSICAL DESCRIPTION | |
| Extent | xxi, 887 p. : |
| Other physical details | ill. |
| 650 #0 - SUBJECT ADDED ENTRY--TOPICAL TERM | |
| Topical term or geographic name as entry element | Operating systems (Computers) |
| -- | 0000146540 |
| 700 1# - ADDED ENTRY--PERSONAL NAME | |
| Personal name | Galvin, Peter. |
| -- | 0000154767 |
| 700 1# - ADDED ENTRY--PERSONAL NAME | |
| Personal name | Gagne, Greg. |
| -- | 0000154768 |
| 852 1# - LOCATION | |
| -- | p1120 KES |
| 908 ## - PUT COMMAND PARAMETER (RLIN) | |
| Put command parameter | 070522 |
| 950 ## - LOCAL HOLDINGS (RLIN) | |
| -- | 1 |
| Withdrawn status | Lost status | Source of classification or shelving scheme | Not for loan | Home library | Current library | Date acquired | Total Checkouts | Full call number | Barcode | Date last seen | Price effective from | Koha item type | Date last checked out |
|---|---|---|---|---|---|---|---|---|---|---|---|---|---|
| Library of Congress Classification | Kabarak, Main Campus | Kabarak, Main Campus | 17/12/2015 | 2 | QA76.76 .O63S55 2003 c. 3 | 008042 | 07/12/2017 | 17/12/2015 | General Collection | 20/11/2017 | |||
| Library of Congress Classification | Kabarak, Main Campus | Kabarak, Main Campus | 17/12/2015 | 4 | QA76.76 .O63S55 2003 c. 2 | 010634 | 19/07/2019 | 17/12/2015 | General Collection | 05/07/2019 | |||
| Library of Congress Classification | Kabarak, Nakuru City Campus | Kabarak, Nakuru City Campus | 21/10/2015 | QA76.76 .O63S55 2003 c. 1 | 008041 | 21/10/2015 | 21/10/2015 | General Collection | |||||
| Library of Congress Classification | Kabarak, Main Campus | Kabarak, Nakuru City Campus | 17/12/2015 | 1 | QA76.76 .O63S55 2003 c. 4 | 008060 | 05/06/2023 | 17/12/2015 | General Collection | 23/05/2023 |